000 00605nam a2200193Ia 4500
003 GCL
008 140319s9999 xx 000 0 ara d
040 _aGCL /
_cGCL
082 0 4 _aم
_b920
_bب ت
100 1 _aالبيهقى , ابوالفضل
245 1 0 _aتاريخ البيهقى /
_cالبيهقى , ابوالفضل
700 1 _aصادق نشات (مترجم)
700 1 _aيحيى الخشاب
260 _a[S.N] :
_bمكتبة الانجلوالمصرية
490 _aشكاوى المصرى الفصيح
_v0
650 0 4 _aالتاريخ
650 0 4 _aالعالم
942 _2ddc
_cREF
999 _c59280
_d59280